Sylva Pauli : nezničitelné Franze Kafky = Franz Kafkas Unzerstörbares = Franz Kafka's indestructible = L'indistruttibile di Franz Kafka /

Hlavní autor: Pauli, Sylva, 1960-
Korporativní autor: Kostel sv. Martina ve zdi (Praha, Česko)
Další autoři: Leibetseder, Peter, Matoušková, Martina, Oczko, James, Kostner, Letizia
Jazyk: Němčina
Italština
Čeština
Angličtina
Vydáno: [Praha] : vlastní náklad autorky, 2018
Vydání: Vydání první
Témata:
Fyzický popis: 46 stran : barevné ilustrace ; 21 cm
Language note: Souběžný anglický, německý a italský text
Knihy
Uloženo v:
LEADER 02609nam a2200625 i 4500
001 nkc20182984969
003 CZ PrNK
005 20180601135837.0
007 ta
008 180315t20182018xr a e c 000 0bcze
020 |a 978-80-270-3695-0  |q (brožováno) 
040 |a BOA001  |b cze  |e rda 
041 1 |a cze  |a eng  |a ger  |a ita  |h cze 
043 |a e-xr--- 
045 |a y1y1 
072 7 |a 72/76  |x Výtvarné umění  |2 Konspekt  |9 21 
080 |a 72/76(437.3)  |2 MRF 
080 |a 7.036/.038  |2 MRF 
080 |a (437.3)  |2 MRF 
080 |a (083.824)  |2 MRF 
100 1 |a Pauli, Sylva,  |d 1960-  |7 mzk2018990782  |4 art  |4 aut  |4 trl 
245 1 0 |a Sylva Pauli :  |b nezničitelné Franze Kafky = Franz Kafkas Unzerstörbares = Franz Kafka's indestructible = L'indistruttibile di Franz Kafka /  |c obrazy, texty a koncept: Sylva Pauli ; německý překlad: Sylva Pauli, Peter Leibetseder ; anglický překlad: Martina Matoušková, James Oczko ; italský překlad: Letizia Kostner 
246 3 0 |a Nezničitelné Franze Kafky 
246 3 0 |a Franz Kafkas Unzerstörbares 
246 3 0 |a Franz Kafka's indestructible 
246 3 0 |a Indistruttibile di Franz Kafka 
250 |a Vydání první 
264 1 |a [Praha] :  |b vlastní náklad autorky,  |c 2018 
300 |a 46 stran :  |b barevné ilustrace ;  |c 21 cm 
336 |a text  |b txt  |2 rdacontent 
336 |a statický obraz  |b sti  |2 rdacontent 
337 |a bez média  |b n  |2 rdamedia 
338 |a svazek  |b nc  |2 rdacarrier 
500 |a Katalog byl vydán při příležitosti výstavy Sylva Pauli, uspořádané v kostele sv. Martina ve zdi v Praze od 12. dubna do 11. května 2018 
546 |a Souběžný anglický, německý a italský text 
600 1 7 |a Pauli, Sylva,  |d 1960-  |7 mzk2018990782  |2 czenas 
648 4 |a 2017-2018 
648 7 |a 21. století  |7 ch460559  |2 czenas 
650 0 7 |a české výtvarné umění  |7 ph116865  |y 21. století  |2 czenas 
650 0 7 |a moderní umění  |7 ph115340  |z Česko  |2 czenas 
650 0 9 |a Czech art  |y 21st century  |2 eczenas 
650 0 9 |a modern art  |z Czechia  |2 eczenas 
655 7 |a katalogy výstav  |7 fd132536  |2 czenas 
655 9 |a exhibition catalogs  |2 eczenas 
700 1 |a Leibetseder, Peter  |4 trl 
700 1 |a Matoušková, Martina  |7 xx0091592  |4 trl 
700 1 |a Oczko, James  |4 trl 
700 1 |a Kostner, Letizia  |7 mzk2006348482  |4 trl 
710 2 |a Kostel sv. Martina ve zdi (Praha, Česko)  |7 olak2014845856  |4 orm 
910 2 |a BOA001  |b 2-1407.055 
928 9 |a Sylva Pauli 
990 |a BK 
995 |a 11 
991 |b 201804  |c NOV 
996 6 |b 2610741135  |c 2-1407.055  |l MZK  |r Sklad / do 1 hodiny  |n 0  |p p.v.  |w 001661285  |u 000010  |a 1  |e BOA001  |j MZK50  |s P